BEYOND QUALITY IN CARY CHILDHOOD EDUCATION AND CARE (Record no. 18983)

MARC details
000 -LEADER
fixed length control field 00284nam a22001217a 4500
003 - CONTROL NUMBER IDENTIFIER
control field SGT
082 ## - DEWEY DECIMAL CLASSIFICATION NUMBER
Classification number 370
Item number DHA
100 ## - MAIN ENTRY--PERSONAL NAME
Personal name DHALBERG, GUNILLA
245 ## - TITLE STATEMENT
Title BEYOND QUALITY IN CARY CHILDHOOD EDUCATION AND CARE
260 ## - PUBLICATION, DISTRIBUTION, ETC. (IMPRINT)
Place of publication, distribution, etc DELHI
Name of publisher, distributor, etc ROUTLEDGE
Year of Publication 2016
300 ## - PAGE DESCRIPTION
No. of Pages 301
942 ## - ADDED ENTRY ELEMENTS (KOHA)
Source of classification or shelving scheme Dewey Decimal Classification
Koha item type Books
Holdings
Withdrawn status Lost status Source of classification or shelving scheme Damaged status Not for loan Collection code Home library Current library Date acquired Cost, normal purchase price SGTU Full call number Accession No. (Barcode) Date last seen Bill Date Koha item type
    Dewey Decimal Classification     EDUCATION SGT Engineering Library SGT Engineering Library 31/08/2019 1095.00 SGTU 370 DHA ED4388 31/08/2019 31/08/2019 Books
    Dewey Decimal Classification     EDUCATION SGT Engineering Library SGT Engineering Library 31/08/2019 1095.00 SGTU 370 DHA ED4389 31/08/2019 31/08/2019 Books